[Event "TH-S-1264"]
[Site "IECC email"]
[Date "2020.10.05"]
[Round "?"]
[White "Cruz, Eliecer"]
[Black "Lampon, Mario"]
[Result "1-0"]
[WhiteElo "2142"]
[BlackElo "1858"]
[PlyCount "89"]
[EventDate "2020.??.??"]
[EventType "tourn (corr)"]
[SourceTitle "Corr 2024"]
[Source "ChessBase"]
[SourceDate "2023.10.19"]
[SourceVersion "1"]
[SourceVersionDate "2023.10.19"]
[SourceQuality "1"]
[WhiteTeam "Kuba"]
[BlackTeam "Spanien"]
[WhiteTeamCountry "CUB"]
[BlackTeamCountry "ESP"]

1. d4 d5 2. e4 dxe4 3. Nc3 Nf6 4. Bg5 Bf5 5. f3 Nbd7 6. g4 Bg6 7. Qe2 c6 8. fxe4 h5 9. e5 Qa5 10. Bg2 Nd5 11. Bxd5 cxd5 12. Nh3 Rc8 13. Bd2 Qb6 14. Nf4 Bxc2 15. Rc1 Qxb2 16. Nfxd5 Nb6 17. e6 fxe6 18. Nxb6 axb6 19. 0-0 hxg4 20. Qxe6 Rxc3 21. Qf7+ Kd8 22. Qd5+ Ke8 23. Bxc3 Qxc3 24. Qb5+ Qc6 25. Qxc6+ bxc6 26. Rxc2 Kd7 27. Rcf2 Ke8 28. Rb1 b5 29. Rc2 Kd7 30. d5 cxd5 31. Rxb5 e5 32. Rxd5+ Ke6 33. Rb5 Be7 34. a4 Rd8 35. Ra2 Rd1+ 36. Kg2 Bg5 37. Rb3 Be7 38. a5 Bc5 39. Kg3 Rg1+ 40. Kh4 Kf5 41. a6 g5+ 42. Kh5 Rd1 43. h3 gxh3 44. Rf3+ Ke6 45. Rxh3 1-0

[Event "P-5034"]
[Site "IECC email"]
[Date "2017.03.12"]
[Round "?"]
[White "Balmelle, Jean Luc"]
[Black "Lampon, Mario"]
[Result "0-1"]
[WhiteElo "1679"]
[BlackElo "1803"]
[PlyCount "65"]
[EventDate "2017.??.??"]
[EventType "tourn (corr)"]
[SourceTitle "Corr 2020"]
[Source "ChessBase"]
[SourceDate "2019.09.30"]
[SourceVersion "1"]
[SourceVersionDate "2019.09.30"]
[SourceQuality "1"]
[WhiteTeam "France"]
[BlackTeam "Spain"]
[WhiteTeamCountry "FRA"]
[BlackTeamCountry "ESP"]

1. b3 f5 2. Bb2 Nc6 3. Nf3 Nf6 4. e3 e6 5. c4 Bd6 6. d4 0-0 7. Bd3 b6 8. Nbd2 Bb7 9. 0-0 Nb4 10. Be2 c5 11. a3 Nc6 12. Ne5 Qc7 13. f4 Be7 14. Bf3 d5 15. Rc1 Rad8 16. Qe2 Nxe5 17. fxe5 Ne4 18. g3 Nxd2 19. Qxd2 dxc4 20. Bxb7 Qxb7 21. bxc4 Qe4 22. Rcd1 Bg5 23. Rfe1 cxd4 24. Bxd4 Rd7 25. Qg2 Bxe3+ 26. Rxe3 Rxd4 27. Rxe4 Rxd1+ 28. Kf2 fxe4+ 29. Ke3 Re1+ 30. Kd4 Rf3 31. c5 Rd3+ 32. Kc4 Rc1+ 33. Kb4 0-1

[Event "IECC TH-M-3100"]
[Site "IECC email"]
[Date "2017.01.18"]
[Round "?"]
[White "Lampon, Mario"]
[Black "Martins, Karin"]
[Result "1/2-1/2"]
[WhiteElo "1814"]
[BlackElo "1925"]
[PlyCount "79"]
[EventDate "2017.??.??"]
[EventType "tourn (corr)"]
[SourceTitle "Corr 2020"]
[Source "ChessBase"]
[SourceDate "2019.09.30"]
[SourceVersion "1"]
[SourceVersionDate "2019.09.30"]
[SourceQuality "1"]
[WhiteTeam "Spain"]
[BlackTeam "Germany"]
[WhiteTeamCountry "ESP"]
[BlackTeamCountry "GER"]

1. e4 e5 2. Nf3 Nc6 3. Bb5 a6 4. Ba4 Nf6 5. Nc3 b5 6. Bb3 Bc5 7. 0-0 d6 8. d3 h6 9. Nd5 0-0 10. c3 Rb8 11. h3 Nxd5 12. exd5 Ne7 13. d4 exd4 14. Nxd4 Bb7 15. Qd3 Qd7 16. Bc2 f5 17. Ne6 Rf7 18. Bb3 Re8 19. c4 bxc4 20. Qxc4 Bb6 21. Ba4 Qc8 22. Bxe8 Qxe8 23. Re1 Bxd5 24. Qe2 Be4 25. Qxa6 Ng6 26. Nf4 Nh4 27. Bd2 g5 28. Nd5 Nxg2 29. Nxb6 cxb6 30. Qxb6 Nh4 31. Re3 f4 32. Ra3 Bd3 33. Qa5 Nf3+ 34. Kg2 Nh4+ 35. Kh2 Qe2 36. Qa8+ Kh7 37. Rxd3 Qxd3 38. Bc3 Nf3+ 39. Kg2 Nh4+ 40. Kh2 1/2-1/2

[Event "IECC M1-2015.T005"]
[Site "IECC email"]
[Date "2015.02.17"]
[Round "?"]
[White "Jensen, John Oland"]
[Black "Lampon, Mario"]
[Result "1/2-1/2"]
[WhiteElo "1858"]
[BlackElo "1787"]
[PlyCount "77"]
[EventDate "2015.??.??"]
[EventType "match (corr)"]
[EventRounds "2"]
[SourceTitle "Corr 2020"]
[Source "ChessBase"]
[SourceDate "2019.09.30"]
[SourceVersion "1"]
[SourceVersionDate "2019.09.30"]
[SourceQuality "1"]
[WhiteTeam "Denmark"]
[BlackTeam "Spain"]
[WhiteTeamCountry "DEN"]
[BlackTeamCountry "ESP"]

1. e4 d5 2. exd5 Qxd5 3. Nc3 Qd6 4. d4 Nf6 5. Nf3 Nc6 6. Bc4 Bg4 7. Be3 0-0-0 8. 0-0 e5 9. d5 Na5 10. Be2 Nxd5 11. Nxd5 Qxd5 12. Ng5 Bxe2 13. Qxe2 Nc6 14. c3 f6 15. Rad1 Qg8 16. b4 Bd6 17. Ne4 Kb8 18. Nxd6 cxd6 19. a4 Qb3 20. c4 Qxb4 21. Rb1 Qa5 22. Rb5 Qa6 23. Qg4 g6 24. Qe6 Rhe8 25. Qxf6 Qxa4 26. Qf7 Re7 27. Qd5 Rc7 28. Rfb1 Qc2 29. Ra1 Kc8 30. h4 a6 31. Bb6 axb5 32. cxb5 Nb8 33. Bxc7 Qb2 34. Ra7 Qc1+ 35. Kh2 Qxc7 36. Ra4 Qe7 37. Qc4+ Kd7 38. Ra7 Ke8 39. Qg8+ 1/2-1/2

[Event "IECC M1-2015.T005"]
[Site "IECC email"]
[Date "2015.02.17"]
[Round "?"]
[White "Lampon, Mario"]
[Black "Jensen, John Oland"]
[Result "1/2-1/2"]
[WhiteElo "1810"]
[BlackElo "1860"]
[PlyCount "90"]
[EventDate "2015.??.??"]
[EventType "match (corr)"]
[EventRounds "2"]
[SourceTitle "Corr 2020"]
[Source "ChessBase"]
[SourceDate "2019.09.30"]
[SourceVersion "1"]
[SourceVersionDate "2019.09.30"]
[SourceQuality "1"]
[WhiteTeam "Spain"]
[BlackTeam "Denmark"]
[WhiteTeamCountry "ESP"]
[BlackTeamCountry "DEN"]

1. d4 Nf6 2. c4 e6 3. Nc3 Bb4 4. e3 0-0 5. Bd2 d5 6. Nf3 b6 7. cxd5 exd5 8. Bd3 Bb7 9. 0-0 Nbd7 10. Rc1 a6 11. Ne5 Nxe5 12. dxe5 Nd7 13. f4 Nc5 14. Bc2 d4 15. Na4 Bxd2 16. Qxd2 d3 17. Nxc5 dxc2 18. Nb3 Be4 19. Qd4 Bd3 20. Rf2 c5 21. Qc3 Qd5 22. Nd4 Be4 23. Nxc2 Rfd8 24. b3 b5 25. Ne1 Rac8 26. Nf3 Qc6 27. Qb2 h6 28. Nd2 Bf5 29. h3 Rd3 30. Re2 Be6 31. Nf3 c4 32. bxc4 bxc4 33. Qc2 Qb7 34. Kf2 Bd5 35. Rd2 Ra3 36. Rcd1 Be4 37. Rd8+ Kh7 38. Qe2 Rxd8 39. Rxd8 Qc6 40. Rd6 Qc8 41. Kg3 Qc7 42. Rd4 c3 43. Ng5+ hxg5 44. Qh5+ Kg8 45. Qxg5 c2 1/2-1/2

[Event "IECC M1-2013.T017"]
[Site "IECC email"]
[Date "2013.02.09"]
[Round "?"]
[White "Lampon, Mario"]
[Black "Bertel, Michael"]
[Result "1-0"]
[WhiteElo "1745"]
[BlackElo "1772"]
[PlyCount "91"]
[EventDate "2013.??.??"]
[EventType "match (corr)"]
[EventRounds "2"]
[SourceTitle "Telechess CBM 165"]
[Source "ChessBase"]
[SourceDate "2015.03.11"]
[SourceVersion "1"]
[SourceVersionDate "2015.03.11"]
[SourceQuality "1"]
[WhiteTeam "Spain"]
[BlackTeam "US of America"]
[WhiteTeamCountry "ESP"]
[BlackTeamCountry "USA"]

1. e4 e5 2. Nf3 Nc6 3. Bb5 a6 4. Bxc6 dxc6 5. 0-0 Bg4 6. h3 Be6 7. d4 Nf6 8. Nxe5 Nxe4 9. Re1 Nd6 10. Nc3 Nf5 11. Bf4 Nxd4 12. Qd3 c5 13. Rad1 Qe7 14. Ne4 f6 15. c3 fxe5 16. cxd4 0-0-0 17. Bxe5 c4 18. Qe2 Bf7 19. b3 cxb3 20. Rc1 bxa2 21. Bxc7 Qxc7 22. Qg4+ Rd7 23. Rxc7+ Kxc7 24. Rc1+ Kd8 25. Qf4 Bd5 26. Qb8+ Ke7 27. Nc3 Be6 28. d5 Bf5 29. Qe5+ Kd8 30. Nxa2 Bd6 31. Qxf5 h6 32. Nc3 Rf8 33. Qb1 Bf4 34. Re1 Kc7 35. Ne4 Rxd5 36. Qb4 Rff5 37. g3 a5 38. Qc4+ Kb8 39. gxf4 g6 40. Rc1 Ka7 41. Qc7 h5 42. Rc6 Rf7 43. Qxf7 Rb5 44. Nc5 Ka8 45. Nxb7 Rb1+ 46. Kg2 1-0

[Event "P-4754"]
[Site "IECC email"]
[Date "2012.04.22"]
[Round "?"]
[White "Gavrileteanu, Lucian"]
[Black "Lampon, Mario"]
[Result "1/2-1/2"]
[WhiteElo "1861"]
[BlackElo "1704"]
[PlyCount "143"]
[EventDate "2012.??.??"]
[EventType "tourn (corr)"]
[SourceTitle "Telechess CBM 165"]
[Source "ChessBase"]
[SourceDate "2015.03.11"]
[SourceVersion "1"]
[SourceVersionDate "2015.03.11"]
[SourceQuality "1"]
[WhiteTeam "Romania"]
[BlackTeam "Spain"]
[WhiteTeamCountry "ROU"]
[BlackTeamCountry "ESP"]

1. e4 e5 2. Nf3 Nf6 3. d4 d5 4. exd5 exd4 5. Bb5+ Bd7 6. Bxd7+ Qxd7 7. 0-0 Qxd5 8. Nxd4 Nc6 9. Nxc6 Qxc6 10. Nc3 Rd8 11. Qe2+ Be7 12. Bf4 Rd7 13. Rad1 Qe6 14. Rfe1 Qxe2 15. Rxe2 Rxd1+ 16. Nxd1 Nd5 17. Be5 f6 18. c4 fxe5 19. cxd5 Bd6 20. f4 Bc5+ 21. Nf2 0-0 22. fxe5 Rf4 23. g3 Rd4 24. d6 cxd6 25. exd6 Rxd6 26. Kg2 Bb6 27. Ne4 Rd7 28. Kf3 Kf7 29. Kf4 h6 30. Nc3 a6 31. Ke4 Rd8 32. Kf5 g6+ 33. Ke4 Ba7 34. b3 g5 35. Kf5 Rd3 36. Rc2 Rd6 37. Re2 Bd4 38. Ne4 Rd5+ 39. Kg4 Kg6 40. Kf3 h5 41. h3 Ba7 42. Rd2 Rf5+ 43. Ke2 Re5 44. Kf3 g4+ 45. hxg4 hxg4+ 46. Kf4 Bb8 47. Ke3 Re8 48. Rd5 Be5 49. Kd3 Re7 50. Rd8 Kf5 51. b4 Rc7 52. a4 Rc1 53. Rf8+ Kg6 54. Re8 Rd1+ 55. Kc2 Rd5 56. Nc3 Kf7 57. Nxd5 Kxe8 58. Ne3 Kd7 59. Nxg4 Bd6 60. b5 axb5 61. axb5 Bxg3 62. Kb3 Kc7 63. Nf6 Kb6 64. Ka4 Bd6 65. Nd7+ Kc7 66. Nf6 Be5 67. Ne4 Kb6 68. Kb4 Bg7 69. Ka4 Bh6 70. Kb4 Bf8+ 71. Ka4 Bc5 72. Nxc5 1/2-1/2

[Event "IECC M1-2009.T75"]
[Site "IECC email"]
[Date "2009.07.02"]
[Round "?"]
[White "Lampon, Mario"]
[Black "Boyce, Harry"]
[Result "1-0"]
[WhiteElo "1618"]
[BlackElo "1756"]
[PlyCount "97"]
[EventDate "2009.??.??"]
[EventType "match (corr)"]
[EventRounds "2"]
[SourceTitle "Telechess CBM 137"]
[Source "ChessBase"]
[SourceDate "2010.07.15"]
[SourceVersion "1"]
[SourceVersionDate "2010.07.15"]
[SourceQuality "1"]
[WhiteTeam "Spain"]
[BlackTeam "Australia"]
[WhiteTeamCountry "ESP"]
[BlackTeamCountry "AUS"]

1. c4 Nf6 2. Nf3 e6 3. d4 b6 4. Nc3 Bb7 5. g3 Bb4 6. Bg2 0-0 7. 0-0 Bxc3 8. bxc3 d6 9. a4 Nc6 10. Nd2 Qd7 11. e4 e5 12. Nb3 Ba6 13. Qe2 Rab8 14. f4 exd4 15. cxd4 Rfe8 16. Qc2 d5 17. exd5 Nb4 18. Qc3 Nbxd5 19. cxd5 Bxf1 20. Bxf1 Nxd5 21. Qc2 g6 22. Qf2 Rbd8 23. Bd2 Nf6 24. Qf3 Ne4 25. Bc1 Nf6 26. Bb2 Qd5 27. Nd2 Qe6 28. Rc1 Nd5 29. Bb5 Re7 30. Ba3 Qe3+ 31. Qxe3 Rxe3 32. Bb2 Kg7 33. Kf2 a5 34. Bc4 Re7 35. Nf3 f6 36. Ba3 Nb4 37. d5 Re4 38. Nd2 Re7 39. Nb3 Rdd7 40. Kf3 f5 41. Nd4 c5 42. Ne6+ Kf7 43. Rd1 h6 44. Bb2 Nxd5 45. Ng7 Kf8 46. Rxd5 Rxd5 47. Bxd5 Rxg7 48. Bxg7+ Kxg7 49. Ke2 1-0

[Event "IECC M1-2009.R02"]
[Site "IECC email"]
[Date "2009.01.08"]
[Round "?"]
[White "Lampon, Mario"]
[Black "Salazar Moran, Alejandro Fortunato"]
[Result "1-0"]
[WhiteElo "1555"]
[BlackElo "1654"]
[PlyCount "61"]
[EventDate "2009.??.??"]
[EventType "tourn (corr)"]
[EventRounds "4"]
[SourceTitle "Corr 2011"]
[Source "ChessBase"]
[SourceDate "2010.08.31"]
[SourceVersion "1"]
[SourceVersionDate "2010.08.31"]
[SourceQuality "1"]
[WhiteTeam "Spain"]
[BlackTeam "Ecuador"]
[WhiteTeamCountry "ESP"]
[BlackTeamCountry "ECU"]

1. d4 d5 2. Bf4 Nf6 3. e3 c5 4. Nc3 Nc6 5. Nb5 Qa5+ 6. c3 e5 7. Bxe5 Nxe5 8. dxe5 c4 9. a4 a6 10. exf6 axb5 11. Qxd5 gxf6 12. Nf3 Be7 13. Nd4 bxa4 14. Qxc4 Bd7 15. Bd3 Qe5 16. 0-0 Rc8 17. Nf3 Qd6 18. Qe4 a3 19. bxa3 Rxc3 20. Rfd1 Qc6 21. Qf4 Qc7 22. Qh6 Ba4 23. Bf1 Bxd1 24. Rxd1 Qa5 25. Qg7 Rf8 26. Qg3 Bd8 27. Qg4 f5 28. Qd4 Qc7 29. Bb5+ Rc6 30. Qd5 Rg8 31. Qxf5 1-0

[Event "IECC M1-2009.R02"]
[Site "IECC email"]
[Date "2009.01.08"]
[Round "?"]
[White "Salazar Moran, Alejandro Fortunato"]
[Black "Lampon, Mario"]
[Result "1-0"]
[WhiteElo "1642"]
[BlackElo "1567"]
[PlyCount "63"]
[EventDate "2009.??.??"]
[EventType "tourn (corr)"]
[EventRounds "4"]
[SourceTitle "Corr 2011"]
[Source "ChessBase"]
[SourceDate "2010.08.31"]
[SourceVersion "1"]
[SourceVersionDate "2010.08.31"]
[SourceQuality "1"]
[WhiteTeam "Ecuador"]
[BlackTeam "Spain"]
[WhiteTeamCountry "ECU"]
[BlackTeamCountry "ESP"]

1. e4 e6 2. d4 Nf6 3. e5 Nd5 4. c4 Bb4+ 5. Bd2 Bxd2+ 6. Qxd2 Ne7 7. Nf3 d5 8. exd6 cxd6 9. Nc3 Bd7 10. Bd3 Bc6 11. 0-0-0 d5 12. c5 h6 13. g4 b6 14. cxb6 axb6 15. g5 b5 16. Nxb5 Rxa2 17. Kb1 Ra8 18. Ne5 Bxb5 19. Bxb5+ Kf8 20. Rc1 hxg5 21. Qxg5 f6 22. Ng6+ Nxg6 23. Qxg6 Rh6 24. Qg3 Na6 25. Qa3+ Qe7 26. Rc5 Kf7 27. Bxa6 Qd6 28. Ra5 Qxa3 29. Rxa3 Rh4 30. Rc1 Rxh2 31. Rc7+ Kf8 32. Bc8 1-0

[Event "IECC M-5618"]
[Site "IECC email"]
[Date "2007.01.23"]
[Round "?"]
[White "Lampon, Mario"]
[Black "Segovia, Didier"]
[Result "1-0"]
[WhiteElo "1414"]
[BlackElo "1176"]
[PlyCount "41"]
[EventDate "2007.??.??"]
[EventType "tourn (corr)"]
[EventRounds "10"]
[SourceTitle "Corr 2008"]
[Source "ChessBase"]
[SourceDate "2008.06.24"]
[SourceVersion "1"]
[SourceVersionDate "2008.06.24"]
[SourceQuality "1"]
[WhiteTeam "Spain"]
[BlackTeam "Chile"]
[WhiteTeamCountry "ESP"]
[BlackTeamCountry "CHI"]

1. Nf3 d5 2. d4 c5 3. dxc5 Nc6 4. e4 dxe4 5. Qxd8+ Nxd8 6. Bb5+ Nc6 7. Ne5 Bd7 8. Nxd7 Kxd7 9. Nc3 Rd8 10. Nxe4 Kc8 11. c3 f5 12. Ng5 Nh6 13. Ne6 Rd5 14. 0-0 Nd8 15. Bc4 Rd7 16. Bf4 Nc6 17. Rad1 Ng4 18. Rxd7 Kxd7 19. Rd1+ Kc8 20. Bb5 b6 21. Ba6# 1-0

[Event "IECC M-5618"]
[Site "IECC email"]
[Date "2007.01.23"]
[Round "?"]
[White "Segovia, Didier"]
[Black "Lampon, Mario"]
[Result "0-1"]
[WhiteElo "1170"]
[BlackElo "1420"]
[PlyCount "62"]
[EventDate "2007.??.??"]
[EventType "tourn (corr)"]
[EventRounds "10"]
[SourceTitle "Corr 2008"]
[Source "ChessBase"]
[SourceDate "2008.06.24"]
[SourceVersion "1"]
[SourceVersionDate "2008.06.24"]
[SourceQuality "1"]
[WhiteTeam "Chile"]
[BlackTeam "Spain"]
[WhiteTeamCountry "CHI"]
[BlackTeamCountry "ESP"]

1. e4 e5 2. c3 d5 3. d4 dxe4 4. dxe5 Qxd1+ 5. Kxd1 Nc6 6. Bb5 Bg4+ 7. f3 0-0-0+ 8. Ke1 exf3 9. Nxf3 Nxe5 10. Be2 Re8 11. Kf2 Bc5+ 12. Kf1 Nf6 13. Nbd2 Bxf3 14. Nxf3 Neg4 15. Nd4 h5 16. b4 Bd6 17. Nf3 Ne4 18. Be3 Nxe3+ 19. Kg1 Nxc3 20. Nd4 Be5 21. h3 Bxd4 22. Re1 Nxe2+ 23. Rxe2 Nxg2+ 24. Kf1 Ne3+ 25. Kf2 Rh6 26. Rhe1 Ree6 27. Kf3 Rhf6+ 28. Kg3 Be5+ 29. Kh4 Rf4+ 30. Kg3 h4+ 31. Kh2 Rf1# 0-1

[Event "IECC KO-2075"]
[Site "IECC email"]
[Date "2006.02.03"]
[Round "?"]
[White "Stilman, Eduardo"]
[Black "Lampon, Mario"]
[Result "0-1"]
[WhiteElo "1632"]
[BlackElo "1416"]
[PlyCount "72"]
[EventDate "2006.??.??"]
[EventType "match (corr)"]
[EventRounds "2"]
[SourceTitle "Corr 2020"]
[Source "ChessBase"]
[SourceDate "2019.09.30"]
[SourceVersion "1"]
[SourceVersionDate "2019.09.30"]
[SourceQuality "1"]
[WhiteTeam "Uruguay"]
[BlackTeam "Spain"]
[WhiteTeamCountry "URU"]
[BlackTeamCountry "ESP"]

1. e4 e5 2. Nc3 Nf6 3. f4 d5 4. fxe5 Nxe4 5. Nf3 Bg4 6. Qe2 Nxc3 7. dxc3 Nc6 8. Bf4 Qe7 9. 0-0-0 0-0-0 10. h3 Bxf3 11. gxf3 g5 12. Bh2 f6 13. e6 d4 14. cxd4 Nxd4 15. Qf2 Qc5 16. Bg1 Nxe6 17. Rxd8+ Kxd8 18. Qd2+ Qd6 19. Qc3 Qe5 20. Qd2+ Bd6 21. Kb1 Re8 22. Bxa7 b6 23. Bd3 Nf4 24. Be4 Kc8 25. Re1 Re7 26. Rd1 f5 27. Ba8 Qc5 28. a4 Re2 29. Qc3 Qxc3 30. bxc3 Kd7 31. c4 Re5 32. Bd5 Nxd5 33. cxd5 Kc8 34. Rg1 f4 35. a5 Kb7 36. axb6 cxb6 0-1

[Event "P-3912"]
[Site "IECC email"]
[Date "2005.04.24"]
[Round "?"]
[White "Lampon, Mario"]
[Black "Jalyl, Ahmed Ali"]
[Result "1-0"]
[WhiteElo "1364"]
[BlackElo "1643"]
[PlyCount "45"]
[EventDate "2005.??.??"]
[EventType "tourn (corr)"]
[SourceTitle "Corr 2020"]
[Source "ChessBase"]
[SourceDate "2019.09.30"]
[SourceVersion "1"]
[SourceVersionDate "2019.09.30"]
[SourceQuality "1"]
[WhiteTeam "Spain"]
[BlackTeam "MLD"]
[WhiteTeamCountry "ESP"]

1. e4 e5 2. Nf3 Nf6 3. Nxe5 d6 4. Nf3 Nxe4 5. Qe2 Qe7 6. d3 Nf6 7. Nc3 Be6 8. Bg5 Rg8 9. 0-0-0 Nc6 10. d4 Bg4 11. Qb5 Bxf3 12. gxf3 Qd7 13. Re1+ Be7 14. Bxf6 gxf6 15. d5 Ne5 16. Qxb7 Qc8 17. Qxc8+ Rxc8 18. f4 Nf3 19. Re3 Nh4 20. Ba6 Rd8 21. Rhe1 Nf5 22. R3e2 Rd7 23. Bb5 1-0

[Event "P-3209"]
[Site "IECC email"]
[Date "2002.12.05"]
[Round "?"]
[White "Lampon, Mario"]
[Black "Forsyth, Mark"]
[Result "1-0"]
[WhiteElo "1362"]
[BlackElo "897"]
[PlyCount "39"]
[EventDate "2002.??.??"]
[EventType "tourn (corr)"]
[SourceTitle "Corr 2020"]
[Source "ChessBase"]
[SourceDate "2019.09.30"]
[SourceVersion "1"]
[SourceVersionDate "2019.09.30"]
[SourceQuality "1"]
[WhiteTeam "Spain"]
[BlackTeam "England"]
[WhiteTeamCountry "ESP"]
[BlackTeamCountry "ENG"]

1. e4 e5 2. Bc4 Nc6 3. Nf3 Nf6 4. Ng5 d5 5. exd5 Na5 6. Bb5+ c6 7. dxc6 bxc6 8. Qf3 Bb7 9. Bd3 Bc5 10. 0-0 0-0 11. Ne4 Bd4 12. c3 Bb6 13. b4 Nc4 14. Bxc4 Bd4 15. cxd4 Qxd4 16. Nxf6+ gxf6 17. d3 Qxa1 18. Bh6 Rfe8 19. Qg4+ Kh8 20. Qg7# 1-0